000 01282nam a2200229Ia 4500
003 OSt
005 20251211160851.0
008 210707s1983 xx 000 0 und d
040 _cAL
041 _aKannada
082 _aK894.3 PUTM
100 _aPUTTANNA (M S)
_dಎಂ.ಎಸ್. ಪುಟ್ಟಣ್ಣ
_9248885
245 _aMadidunno maharaya.
_bಮಾಡಿದ್ದುಣ್ಣೋ ಮಹಾರಾಯ
260 _aBengaluru
_bVishva Kannada Sammelana
_c1983
300 _aiv,200 p
365 _b2
_cINR
520 _aಈ ಕೃತಿಯು ರಾಮಾಯಣದ ಹಿನ್ನೆಲೆಯಲ್ಲಿ ಪತಿವ್ರತೆಯನ್ನು ಪ್ರಾಮಾಣಿಕತೆಯ ರೂಪವಾಗಿ ತೋರಿಸುತ್ತದೆ. ದಾಂಪತ್ಯ ಜೀವನದಲ್ಲಿನ ಬಿರುಕಿನ ನೋವಿನಿಂದ ಹೊರಬರಲು, ಕರ್ಮದ ಪಾಪದ ಅರಿವನ್ನು ಮೂಡಿಸಿ, ಶುದ್ಧ ಜೀವನವನ್ನು ನಡೆಸುವಂತೆ ಪ್ರೇರೇಪಿಸುತ್ತದೆ.
563 _aPB
650 _aKannada Fiction
_9248886
650 _aಕರ್ಮ ಸಿದ್ಧಾಂತ, ಪತಿವ್ರತೆ ಮತ್ತು ಪ್ರಾಮಾಣಿಕತೆ
_9248887
942 _2ddc
_cBK
999 _c180149
_d180149